| 000 | 01023nam a2200241 a 4500 | ||
|---|---|---|---|
| 001 | 001054079 | ||
| 003 | AM-YeHGA | ||
| 005 | 20250617151030.0 | ||
| 008 | 150116s2014 ai r 000 0 arm d | ||
| 020 | _a9789939683447 | ||
| 040 | _aAM-YeHGA | ||
| 041 | 0 | _aarm | |
| 245 | 0 | 0 |
_aԶանգեզուրի գոյամարտի հերոս Խաչատուր Մալինցյան / _cԿազմ.՝ Ա. Սիմոնյան ; Խմբ.` Ա.Ա. Հարությունյան. |
| 260 |
_aԵրևան : _bԶանգակ, _c2014. |
||
| 300 |
_a118 էջ : _b4 ներդ. թ. դիմանկ., լուսանկ., նկ., ; _c20 սմ. |
||
| 440 | 0 |
_aՍյունիք-Վայոց ձորի հոգևոր և պատմամշակութային ժառանգություն _vԳիրք 2 |
|
| 600 | 1 | 0 | _aՄալինցյան, Խաչատուր |
| 650 | 1 | 4 | _aՀայոց պատմություն |
| 650 | 1 | 4 | _aՀայ հերոսներ |
| 700 | 1 |
_aՍիմոնյան, Աշոտ _eկազմ. _4com |
|
| 700 | 1 |
_aՀարությունյան, Ավագ Ա. _eխմբ. _4edt |
|
| 090 | _c345070 | ||
| 999 |
_c343274 _d343274 |
||